Unglücklichste Länder der Welt - Statistiken

Allgemein
  • Dieses Quiz wurde 164 mal gespielt
  • Das Durchschnittsergebnis liegt bei 12 aus 25
Antwortstatistiken
Platz Land Resultat % Korrekt
23. Demokratische Republik Kongo 4,311
74%
1. Afghanistan 2,567
68%
10. Indien 3,573
57%
2. Südsudan 2,817
55%
8. Jemen 3,527
54%
16. Ägypten 4,151
51%
11. Lesotho 3,653
51%
4. Ruanda 3,312
51%
3. Simbabwe 3,299
51%
18. Äthiopien 4,186
50%
5. Zentralafrikanische Republik 3,476
50%
5. Tansania 3,476
48%
21. Eswatini 4,308
47%
13. Sambia 3,759
47%
19. Togo 4,187
47%
7. Botswana 3,479
44%
14. Burundi 3,775
44%
17. Madagaskar 4,166
42%
9. Malawi 3,538
42%
25. Mauretanien 4,375
42%
12. Haiti 3,721
40%
15. Sierra Leone 3,926
39%
21. Myanmar 4,308
34%
20. Komoren 4,289
25%
24. Sri Lanka 4,327
25%
Keine übereinstimmenden Quizze gefunden
Verteilung der Resultate
Anzahl Personen mit jedem Resultat
Perzentil nach korrekt beantworteten Fragen
Ihre Resultats-Entwicklung
Sie haben dieses Quiz noch nicht gespielt